| 000 | 00829nam a22002177a 4500 | ||
|---|---|---|---|
| 999 |
_c20258 _d20258 |
||
| 003 | AR-CdUCM | ||
| 008 | 190528b ||||| |||| 00| 0 spa d | ||
| 040 |
_aMUNICIPALIDAD PROVINCIAL DEL CUSCO _cBIBLIOTECA MUNICIPAL DEL CUSCO |
||
| 082 |
_a376.36 / _bB96 |
||
| 100 |
_aBustos Venturo, Felipe _942338 |
||
| 245 |
_aLos símbolos patrios : _bLa bandera, el escudo y el himno / |
||
| 260 |
_aLima : _bMinisterio de educación pública, _c1961. |
||
| 300 |
_a60 páginas ; _c26 cm. |
||
| 440 |
_aColeccion patria civismo _942339 |
||
| 505 | _aContenido : Historia de la bandera Peruana -- Los símbolos nacionales -- Los símbolos de la confederación Perú-Boliviana -- Dia de la bandera... | ||
| 650 |
_aSimbolos patrios _96314 |
||
| 650 |
_aHistoria _9136 |
||
| 650 |
_aCivismo _942340 |
||
| 942 |
_2ddc _cLIBROS |
||
| 945 | _arcc | ||